[Event "XX Sants Open 2018"]
[Site "Cotxeres de Sants"]
[Date "2018.08.26"]
[Round "10"]
[White "Pulvett Marin, Daniel Eduardo"]
[Black "Peralta, Fernando"]
[Result "0-1"]
[WhiteElo "2465"]
[BlackElo "2556"]
[Annotator "TA"]
[PlyCount "118"]
[EventDate "2018.08.17"]
[EventType "swiss"]
[EventCountry "ESP"]
[SourceTitle "playchess.com"]
[Source "ChessBase"]
[SourceQuality "1"]

{[%evp 22,118,0,-19,4,-13,0,-88,-86,-98,-90,-91,-79,-79,-70,-97,-45,-77,0,-177,-159,-169,-169,-169,-171,-161,-159,-170,-158,-153,-71,-70,-75,-81,-67,-71,-72,-64,-58,-66,-76,-75,-52,-57,-26,-61,-61,-85,-75,-99,0,0,0,-89,-89,-67,-67,-72,-67,-103,-103,-109,-102,-95,-73,-95,-97,-91,-14,-244,-244,-391,-391,-391,-391,-391,-390,-389,-374,-327,-293,-265,-265,-1607,-432,-435,-237,-12837,-12839,-12839,-12839,-12839,-12839,-12842,-12843,-12844,-12844,-12846,-853]} 1. d4 Nf6 2. c4 e6 3. Nc3 Bb4 4. Nf3 d5 5. e3 O-O 6. Bd3 b6 7. O-O Bb7 8. Bd2 Bd6 9. Nb5 {E52: Nimzo-Indian: Rubinstein: 4...0-0 5 Nf3 d5 6 Bd3 b6} Be7 10. cxd5 exd5 11. Rc1 c5 12. Ne5 {LiveBook: 3 Games} Nbd7 13. f3 $146 ({Predecessor:} 13. Nxd7 Qxd7 14. Nc3 Ne4 15. dxc5 Bxc5 16. Ne2 d4 17. Bxe4 Bxe4 18. exd4 Bd6 19. Nc3 Bb7 20. Qh5 Rad8 21. Rfe1 Rfe8 22. Rcd1 Bb4 {½-½ (30) Jussupow,A (2640)-Kachiani Gersinska,K (2420) Bremen 1998}) 13... Re8 (13... a6 {is more complex.} 14. Nc3 c4 15. Bf5 g6 16. Bc2 b5) 14. g4 (14. f4 $11) 14... a6 $17 15. Nxd7 Nxd7 16. Nc3 b5 17. Ne2 b4 18. Be1 a5 (18... c4 $17 19. Bc2 Nb6) 19. Bb5 Ba6 (19... c4 $1 $17) 20. Bc6 $2 (20. Bxa6 $1 $11 {and White has nothing to worry.} Rxa6 21. Nf4) 20... Rc8 $1 $19 {[%cal Rc8c6]} 21. Bxd5 cxd4 $1 22. Nxd4 {Black must now prevent Bxf7+!} Rxc1 ({And not} 22... Bxf1 23. Nc6 $14) 23. Qxc1 Bxf1 24. Nc6 Qb6 25. Kxf1 Qb5+ ({Black should play} 25... Bc5 26. Qc4 Kh8) 26. Qc4 $17 Qxc4+ 27. Bxc4 Bd8 (27... Bd6 {is interesting.} 28. Nxa5 Rxe3 29. Be2 Re8 30. Nc6 Rc8) 28. Ke2 Ne5 29. Nxe5 Rxe5 {[%mdl 4096] Endgame KRB-KB} 30. e4 Rc5 31. Kd3 Bc7 32. h4 Be5 33. b3 {[#]} h5 $1 {[%mdl 512]} 34. Bf2 (34. gxh5 Rc6) 34... Rc8 35. gxh5 Rd8+ (35... Rc6 $17) 36. Bd5 $1 $11 Rc8 (36... Rd6 $11) 37. Bc4 $1 $17 Rc6 {[%mdl 1024] Black has strong compensation.} 38. Be3 Rf6 $1 {[%cal Rf6f3]} 39. Ke2 Bf4 $1 40. Bf2 Rh6 41. Bd5 Bc7 42. Kd3 Rxh5 43. Kc4 Rh6 44. Kb5 Rf6 (44... Rg6 $17 45. Be3 Rg2) 45. h5 $2 (45. f4 $1 $11) 45... Rxf3 $19 46. Bb6 (46. Bc5 $142) 46... Bxb6 47. Kxb6 {KR-KB} Rf2 48. Kxa5 Rxa2+ 49. Kxb4 Kf8 50. Kc5 Ke7 $1 51. b4 Rc2+ $1 52. Kb6 $2 (52. Kd4) 52... f6 (52... g5 $142 53. hxg6 fxg6) 53. b5 {[#]} Kd6 $1 54. Bc6 $2 (54. Ka7) 54... Rc5 {Black is clearly winning.} 55. Be8 {[#]} Rc8 $1 {[%cal Rc8e8]} 56. Bc6 Rh8 57. Kb7 Rxh5 58. b6 Rh2 59. e5+ Kxe5 {Precision: White = 45%, Black = 66%.} (59... fxe5 $142 60. Be4 Rb2) 0-1

[Event "XX Sants Open 2018"]
[Site "Cotxeres de Sants"]
[Date "2018.08.26"]
[Round "10"]
[White "Sochacki, Christophe"]
[Black "Nisipeanu, Liviu Dieter"]
[Result "0-1"]
[WhiteElo "2455"]
[BlackElo "2657"]
[Annotator "TA"]
[PlyCount "92"]
[EventDate "2018.08.17"]
[EventType "swiss"]
[EventCountry "ESP"]
[SourceTitle "playchess.com"]
[Source "ChessBase"]
[SourceQuality "1"]

{[%evp 15,92,6,20,14,8,-11,-12,-31,-19,-41,-27,-82,-66,-110,-103,-100,-108,-101,-77,-106,-107,-295,-300,-303,-298,-302,-302,-375,-384,-426,-403,-418,-412,-423,-449,-449,-440,-414,-338,-347,-327,-338,-338,-329,-338,-329,-304,-304,-304,-429,-384,-493,-492,-469,-473,-454,-457,-504,-496,-536,-532,-548,-547,-547,-539,-539,-539,-485,-513,-468,-435,-587,-581,-736,-725,-779,-779,-1206,-1182]} 1. Nf3 d5 2. b3 Bf5 3. Bb2 e6 4. g3 h6 5. Bg2 Nf6 6. O-O Be7 7. d3 O-O 8. Nbd2 Bh7 {LiveBook: 61 Games} 9. e4 {A07: Réti Opening: New York and Capablanca Systems} (9. e3 c6 10. Qe2 a5 11. a3 Na6 12. Ne5 Nc5 13. f4 Nfd7 14. Ng4 Nf6 15. Nf2 Nfd7 16. e4 Re8 17. e5 {½-½ (67) Zherebukh,Y (2633)-Prohaszka,P (2611) New York 2018}) 9... a5 $146 {[%cal Ba7a5,Ba5a4,Ba4a3][%mdl 32]} ({Predecessor:} 9... dxe4 10. Ne5 Nbd7 11. dxe4 Nxe5 12. Bxe5 Bb4 13. c3 Bd6 14. Bd4 e5 15. Be3 Qe7 16. Qe2 Bc5 {½-½ (37) Mukherjee,A (2453)-Cade,S (2293) ICCF email 2016}) 10. e5 Nfd7 11. d4 {The position is equal.} Na6 {[%cal Bb8a6,Ba6b4,Bb4d3][%mdl 32]} 12. Ne1 c5 13. c3 {[#]} (13. c4 $11) 13... a4 $1 {[%mdl 512]} 14. f4 (14. bxa4 Qa5) 14... cxd4 15. cxd4 a3 16. Bc1 Nb4 $36 {[%mdl 2048] Black is in control.} 17. Rf2 Qb6 18. Nb1 $2 {[#]} (18. Ndf3 $17 {keeps fighting.}) 18... Nd3 $1 $19 {[%mdl 512]} 19. Nxd3 {Be3 is the strong threat.} Qxd4 20. Bxa3 {[#]} Bc5 $1 (20... Bxa3 21. Nxa3 Rxa3 22. Ne1 $17) 21. Bxc5 Nxc5 22. Nb2 Qxd1+ 23. Nxd1 {[#] Strongly threatening Nd2.} Nxb3 $1 {[%mdl 512]} 24. axb3 Rxa1 25. Nbc3 d4 26. Ra2 Rc1 27. Nb5 Rxd1+ 28. Kf2 d3 29. Bxb7 Rb1 30. Nd4 Rd8 31. Ke3 g5 32. Bf3 (32. Rd2 $142) 32... Rf1 33. Bg2 Re1+ {Black is clearly winning.} 34. Kd2 Rg1 ({Less strong is} 34... Rxd4 35. Kxe1 Be4 36. Bxe4 $15) 35. Ke3 Rc8 36. Bc6 Rc1 37. Ra6 Rd8 38. Ra8 Rxa8 39. Bxa8 {[%mdl 4096] Endgame KRB-KBN} Re1+ 40. Kd2 Ra1 41. Bf3 gxf4 42. gxf4 Ra2+ 43. Kc3 Rxh2 44. b4 d2 45. b5 {[#]} Be4 $1 {[%mdl 512] And now ...Bxf3 would win.} 46. Bd1 (46. Bxe4 d1=Q) 46... Rh3+ {Precision: White = 31%, Black = 93%.} 0-1

[Event "XX Sants Open 2018"]
[Site "Cotxeres de Sants"]
[Date "2018.08.26"]
[Round "10"]
[White "Escalante Ramirez, Brian Sebastian"]
[Black "Heimann, Andreas"]
[Result "0-1"]
[WhiteElo "2438"]
[BlackElo "2590"]
[Annotator "TA"]
[PlyCount "68"]
[EventDate "2018.08.17"]
[EventType "swiss"]
[EventCountry "ESP"]
[SourceTitle "playchess.com"]
[Source "ChessBase"]
[SourceQuality "1"]

{[%evp 18,68,-14,-55,-40,-38,-38,-45,-25,-31,-30,-66,-25,-19,-27,-218,-191,-206,-174,-234,-130,-291,-262,-762,-753,-954,-949,-1020,-1017,-1018,-1013,-996,-570,-993,-996,-959,-956,-915,-788,-752,-390,-350,-349,-850,-820,-1341,-1311,-1314,-1269,-12839,-12839,-29985,-29950]} 1. e4 c6 2. Nf3 d5 3. Nc3 Nf6 4. e5 Ne4 5. Ne2 Qb6 6. d4 {B11: Caro-Kann: Two Knights Variation} e6 7. Nfg1 (7. g3 c5 8. Bg2 Bd7 9. O-O Bb5 10. Re1 Nc6 11. c3 Rc8 12. Be3 Bc4 13. Qc2 {½-½ (48) Naiditsch,A (2702)-Bartel,M (2613) Germany 2017}) 7... f6 8. f3 Ng5 9. h4 Nf7 10. f4 {LiveBook: 7 Games} c5 11. c3 Nc6 12. Nf3 Be7 13. g4 cxd4 $146 14. cxd4 fxe5 15. dxe5 O-O {...Nfxe5! is the strong threat.} 16. Qd3 $2 (16. Qb3 $1 $11 {and White is okay.}) 16... Bd7 $1 $19 {[%cal Bc8d7,Bd7e8,Be8b5][%mdl 32]} 17. a3 Be8 18. h5 {[#]} (18. Be3 {might work better.} Qxb2 19. Qb1 (19. Rb1 Qxa3 20. Qxa3 Bxa3 $17) 19... Qxb1+ 20. Rxb1) 18... Rc8 ({Black should play} 18... Bc5 $1 $19 {White must now prevent ...Bf2+.} 19. Rh2 {[#]} Ncxe5 $1 {[%mdl 512]} 20. fxe5 Bb5) 19. Rh2 $2 (19. Be3 $17 {is a better defense.} Qxb2 20. Rb1 Qxa3 21. Qxa3 Bxa3 22. Rxb7) 19... Bc5 20. b3 $2 {[#]} (20. Nc3 Nd4 21. Nxd4 Bxd4 22. Rc2) 20... Ncxe5 $1 {[%mdl 512]} 21. fxe5 (21. Nxe5 Nxe5) 21... Bb5 22. Qd1 {[#]} Nxe5 $1 {[%mdl 512]} 23. Nxe5 Bf2+ 24. Rxf2 Qxf2+ ({Weaker is} 24... Rxf2 25. Nd3 $17) 25. Kd2 Bxe2 ({Less strong is} 25... Qxf1 26. Qxf1 Rxf1 27. Nd4 $17) 26. Qxe2 Qd4+ (26... Qxf1 $2 27. Qxf1 Rxf1 28. Nd3 $19) 27. Nd3 Qc3+ 28. Kd1 Qxb3+ 29. Ke1 {Strongly threatening Bb2.} Qc3+ 30. Kd1 $2 (30. Qd2 Qxa1 31. Qb2 Qxb2 32. Bxb2) 30... Qxa1 31. Qxe6+ Kh8 32. Be2 Rfe8 33. Qxd5 Qb1 34. Qf3 Qb3+ {Precision: White = 16%, Black = 81%.} 0-1

[Event "XX Sants Open 2018"]
[Site "Cotxeres de Sants"]
[Date "2018.08.26"]
[Round "10"]
[White "Garcia Ramos, Daniel"]
[Black "Svetushkin, Dmitry"]
[Result "0-1"]
[WhiteElo "2359"]
[BlackElo "2580"]
[Annotator "TA"]
[PlyCount "140"]
[EventDate "2018.08.17"]
[EventType "swiss"]
[EventCountry "ESP"]
[SourceTitle "playchess.com"]
[Source "ChessBase"]
[SourceQuality "1"]

{[%evp 23,140,0,0,-22,-30,-43,0,0,0,-24,-20,-26,-9,-24,-32,-26,-23,-73,0,0,0,0,8,-44,45,0,0,-44,-47,-98,-86,-117,-71,-127,-118,-121,-122,-125,-127,-122,-120,-180,0,0,0,0,0,0,0,0,0,-69,0,-66,-58,-106,-33,-150,-107,-114,-3,-71,-71,-59,-52,-124,-120,-214,-214,-212,-204,-214,-195,-255,-217,-396,-396,-396,-396,-396,-396,-396,-396,-277,-234,-390,-382,-359,-299,-471,-441,-402,-273,-550,-538,-545,-538,-531,-517,-793,-822,-794,-752,-775,-825,-825,-810,-784,-684,-744,-562,-1545,-1452,-1265,-1167,-12838,-12839,-12841,-12839]} 1. e4 e5 2. Nf3 Nc6 3. Bb5 g6 4. O-O Bg7 5. c3 a6 6. Ba4 Nge7 7. d4 b5 8. Bb3 exd4 {C60: Ruy Lopez: Unusual Black 3rd moves and 3...g6} 9. cxd4 O-O 10. Nc3 d6 11. h3 Na5 12. Bg5 (12. Bc2 c5 13. dxc5 dxc5 14. Qxd8 Rxd8 {0-1 (65) Vachier Lagrave,M (2789)-Mamedyarov,S (2808) Leuven 2018}) 12... h6 {LiveBook: 7 Games} 13. Bh4 Nxb3 14. Qxb3 Be6 15. d5 Bd7 16. e5 $146 ({Predecessor:} 16. Rfe1) 16... dxe5 17. Rfe1 g5 18. Bg3 {[#]} b4 $1 {[%mdl 512]} 19. Qxb4 f6 20. Bh2 Ng6 (20... Be8 $17) 21. Rad1 $11 Rb8 22. Qc4 Rf7 23. d6 (23. b4 $11) 23... Bb5 (23... cxd6 $1 $15 24. Rxd6 Rxb2) 24. Qe4 Nf8 25. a4 Be8 26. Qc4 (26. dxc7 $15 Qxc7 27. Qe2) 26... cxd6 $17 27. Ne4 Rb6 28. a5 Rc6 29. Qd5 Kh7 $1 30. Rd2 {[%cal Re4d6]} ({Not} 30. Nxd6 $2 Rxd6 $1 {[%mdl 512]} 31. Qxd6 Rd7 $19) 30... Rfc7 31. Nxd6 Bg6 32. b4 {[#]} (32. Bg3 $17) 32... Rxd6 $1 {[%mdl 512]} 33. Qxd6 $11 Rd7 34. Qxa6 {Rxd7 is the strong threat.} Rxd2 35. Nxd2 Qxd2 36. Qe2 Qxb4 37. Ra1 (37. a6 $11) 37... Qd4 (37... Be4 $1 $15 38. a6 Ba8) 38. Qe1 (38. Qd1 $1 $11) 38... Be4 $1 $15 39. a6 {[#]} Ba8 (39... f5 $1 $17 {Strongly threatening ...Ng6.} 40. a7 Ba8) 40. a7 (40. Qd1 $1 $15) 40... Ng6 41. Qd1 {next Qxd4 is good for White.} Qe4 (41... Qc5 $17 {Hoping for ...f5.} 42. Qd7 h5) 42. Qf3 (42. f3 $11 Qc6 43. Qa4) 42... Qxf3 $17 43. gxf3 Nh4 44. Bg3 (44. Ra6 $15) 44... Nxf3+ 45. Kf1 (45. Kg2 $17) 45... f5 $19 {[%cal Bf6f5,Bf5f4][%mdl 32]} 46. Rc1 f4 47. Rc8 Be4 48. Ke2 (48. Rb8 {was necessary.}) 48... Nd4+ ({Don't take} 48... fxg3 49. fxg3 Nd4+ 50. Ke3 $19) 49. Kd2 $2 (49. Kf1) 49... fxg3 50. fxg3 Nb5 51. a8=Q Bxa8 52. Rxa8 Nd6 53. Ke3 Kg6 54. Ra6 $2 (54. Rd8 Nf5+ 55. Kf2) 54... Bf8 55. Ra8 Kf7 56. Kf3 (56. Kd3 $142) 56... e4+ 57. Ke3 Be7 58. Ra6 $2 (58. g4 {only move.}) 58... Ke6 {Black is clearly winning.} 59. Ra8 Bf6 60. Ra6 Be5 61. g4 (61. Kf2 $142 h5 62. g4) 61... Bf4+ 62. Kd4 Bh2 63. Ra5 Bg1+ 64. Kc3 Bb6 65. Ra6 Bc5 66. Ra8 Kd5 67. Rg8 Nb5+ 68. Kd2 Bd6 69. Rh8 Bf4+ 70. Ke1 e3 {Precision: White = 25%, Black = 69%.} 0-1

[Event "XX Sants Open 2018"]
[Site "Cotxeres de Sants"]
[Date "2018.08.26"]
[Round "10"]
[White "Perez Garcia, Jose Miguel"]
[Black "Santos Ramos, Carlos"]
[Result "1-0"]
[WhiteElo "1910"]
[BlackElo "1825"]
[Annotator "NA RC"]
[PlyCount "67"]
[EventDate "2018.08.17"]
[EventType "swiss"]
[EventCountry "ESP"]
[SourceTitle "playchess.com"]
[Source "ChessBase"]
[SourceQuality "1"]
[TimeControl "40/5400+30:1800+30"]

{[%evp 12,63,22,16,48,32,53,48,32767,32767,32767,32767,-7,32767,32767,16,13,-17,-12,-24,-18,-44,-35,-85,-7,0,19,-58,-54,32767,32767,32767,32767,32767,32767,-18,-16,32767,32767,-120,698,839,776,869,745,936,908,1139,1156,1129,1205,1576,29985,420]} 1. d4 Nf6 2. Nf3 e6 3. g3 c5 4. Bg2 Nc6 5. O-O d5 6. c4 dxc4 7. Ne5 Nxe5 {E04: Open Catalan: 5 Nf3} (7... Bd7 8. Nxc4 cxd4 9. Bf4 Be7 10. Nd6+ Kf8 11. Nxb7 Qb6 12. Nd6 Nd5 13. Nc4 Qd8 14. Be5 Rc8 15. Nbd2 f6 16. Bd6 Be8 17. Ne4 {1-0 (33) Vidit,S (2715)-Harikrishna,P (2744) Riadh 2017}) 8. dxe5 Qxd1 9. Rxd1 {LiveBook: 54 Games} Nd5 10. Bxd5 exd5 11. Rxd5 Be6 12. Rd1 Be7 13. Nc3 O-O 14. Nd5 $146 ({Predecessor:} 14. e4 Rfd8 15. Nd5 {1-0 (51) Straub,N (2340)-David,G (2125) Dresden 1999}) 14... Bxd5 15. Rxd5 Rfd8 16. e4 f6 $1 17. f4 Kf7 (17... fxe5 $15 18. fxe5 Kf7) 18. Be3 Rac8 19. a4 ({Better is} 19. Rxd8 $11 Rxd8 20. exf6 gxf6 21. Kf2) 19... fxe5 20. fxe5 Ke6 21. Rad1 Rxd5 22. exd5+ Kxe5 23. Bf4+ Kf6 24. d6 Rd8 {[#]} 25. Kg2 $2 (25. Rf1 $1 $16 Bf8 {[#]} 26. d7 $1 {[%mdl 512]}) 25... g5 $2 (25... Kf7 $17 26. Rc1 Bxd6 27. Rxc4 b6) 26. dxe7 Rxd1 27. e8=Q gxf4 28. gxf4 Rd3 29. Qe5+ Kg6 30. Qxc5 Rd2+ 31. Kf3 Rxb2 32. Qg5+ Kf7 33. Qf5+ Kg8 34. Qe6+ 1-0

[Event "XX Sants Open 2018"]
[Site "Cotxeres de Sants"]
[Date "2018.08.26"]
[Round "10"]
[White "Vargas Drechsler, Carlos"]
[Black "Magallanes, Gustavo Javier"]
[Result "1/2-1/2"]
[WhiteElo "1902"]
[BlackElo "1905"]
[Annotator "NA"]
[PlyCount "103"]
[EventDate "2018.08.17"]
[EventType "swiss"]
[EventCountry "ESP"]
[SourceTitle "playchess.com"]
[Source "ChessBase"]
[SourceQuality "1"]
[TimeControl "40/5400+30:1800+30"]

1. e4 {[%emt 0:00:00]} c5 {[%emt 0:00:00]} 2. Nc3 {[%emt 0:00:15]} e6 {[%emt 0:00:00]} 3. g3 {[%emt 0:00:16]} Nc6 {[%emt 0:00:08]} 4. Bg2 {[%emt 0:00:12]} g6 {[%emt 0:04:10]} 5. d3 {[%emt 0:00:26]} Bg7 {[%emt 0:00:19]} 6. Be3 {[%emt 0:01:55]} d6 {[%emt 0:01:58]} 7. Qd2 {[%emt 0:03:08]} Nd4 {[%emt 0:02:12]} 8. Nce2 {[%emt 0:03:31]} Ne7 {[%emt 0:03:41] LiveBook: 3 Games} 9. c3 {[%emt 0:00:52]} Nxe2 {[%emt 0:05:08]} 10. Nxe2 {[%emt 0:05:50]} O-O {[%emt 0:04:59]} 11. O-O {[%emt 0:05:12]} Bd7 {[%emt 0:02:00]} 12. d4 $146 {[%emt 0:02:24] B24: Closed Sicilian: 3 g3 sidelines} ({Predecessor:} 12. Bh6 Bc6 13. Bxg7 Kxg7 14. d4 b6 15. c4 e5 16. dxe5 dxe5 17. Qc3 f6 18. f4 Qc7 19. Rad1 Rad8 20. Rxd8 Rxd8 {½-½ (54) Letay,G (2230)-Kahn,E (2370) Budapest 1997}) 12... cxd4 {[%emt 0:05:07]} 13. Bxd4 {[%emt 0:03:16]} Bc6 {[%emt 0:04:39]} 14. Rfd1 {[%emt 0:06:25]} (14. Bxg7 $16 Kxg7 15. Rfd1) 14... d5 {[%emt 0:03:49]} 15. Bxg7 {[%emt 0:02:27]} Kxg7 {[%emt 0:00:20]} 16. Nd4 {[%emt 0:01:58]} (16. c4 $16) 16... Qb6 {[%emt 0:04:55]} (16... dxe4 $11 17. Nxc6 Nxc6) 17. Nxc6 {[%emt 0:06:31]} bxc6 {[%emt 0:00:09]} 18. Qd4+ {[%emt 0:01:09]} f6 {[%emt 0:17:29]} 19. Qxb6 {[%emt 0:03:25]} axb6 {[%emt 0:00:11]} 20. exd5 {[%emt 0:02:20]} exd5 {[%emt 0:06:24]} 21. a3 {[%emt 0:00:58]} b5 $11 {[%emt 0:07:55]} 22. Re1 {[%emt 0:01:07]} Kf7 {[%emt 0:00:44]} 23. Re2 {[%emt 0:07:16]} Rfe8 {[%emt 0:01:22]} 24. Rae1 {[%emt 0:00:31]} Ng8 {[%emt 0:02:54]} 25. Rxe8 {[%emt 0:02:42]} Rxe8 {[%emt 0:00:01]} 26. Rxe8 {[%emt 0:00:14]} Kxe8 {[%emt 0:00:03]} 27. Kf1 {[%emt 0:02:10]} Kd7 {[%emt 0:04:16]} 28. Ke2 {[%emt 0:01:03]} Kd6 {[%emt 0:00:09]} 29. Kd3 {[%emt 0:03:52]} Ne7 {[%emt 0:05:04]} 30. Bf1 {[%emt 0:08:56]} Nc8 {[%emt 0:03:11]} 31. b3 {[%emt 0:01:24]} Nb6 {[%emt 0:00:59]} 32. Ke3 {[%emt 0:00:33]} Kc5 {[%emt 0:06:42]} 33. Bh3 {[%emt 0:03:44]} Kd6 {[%emt 0:00:26]} 34. f4 {[%emt 0:00:55]} c5 {[%emt 0:03:31]} 35. Bf1 {[%emt 0:04:37]} Kc6 {[%emt 0:00:52]} 36. g4 {[%emt 0:02:24]} Nd7 {[%emt 0:01:25]} 37. a4 {[%emt 0:05:10]} bxa4 {[%emt 0:00:38]} 38. bxa4 {[%emt 0:00:20]} c4 {[%emt 0:00:20]} 39. Kd4 {[%emt 0:01:54]} Nc5 {[%emt 0:00:22]} 40. Bg2 {[%emt 0:00:00]} Nb3+ {[%emt 0:00:00]} 41. Ke3 {[%emt 0:04:12]} Kc5 {[%emt 0:00:46]} 42. h4 {[%emt 0:04:50]} d4+ {[%emt 0:02:40]} 43. cxd4+ {[%emt 0:01:47]} Nxd4 {[%emt 0:00:04]} 44. a5 {[%emt 0:01:32]} c3 {[%emt 0:07:25]} 45. a6 {[%emt 0:04:07]} c2 {[%emt 0:00:22]} 46. Kd2 {[%emt 0:01:18]} Kb6 {[%emt 0:04:00]} 47. Bf1 {[%emt 0:02:08]} h6 {[%emt 0:08:30]} 48. Bd3 {[%emt 0:04:51]} f5 {[%emt 0:08:22]} 49. h5 {[%emt 0:04:56]} gxh5 {[%emt 0:00:05]} 50. gxh5 {[%emt 0:00:10]} Ne6 {[%emt 0:01:55]} 51. Bxc2 {[%emt 0:04:18]} Nxf4 {[%emt 0:00:15]} 52. Bxf5 {[%emt 0:00:25]} 1/2-1/2

[Event "XX Sants Open 2018"]
[Site "Cotxeres de Sants"]
[Date "2018.08.26"]
[Round "10"]
[White "Ruiz Gonzalez, Jorge"]
[Black "Zheng, Hong Wei"]
[Result "1-0"]
[WhiteElo "1888"]
[BlackElo "1876"]
[Annotator "NA"]
[PlyCount "47"]
[EventDate "2018.08.17"]
[EventType "swiss"]
[EventCountry "ESP"]
[SourceTitle "playchess.com"]
[Source "ChessBase"]
[SourceQuality "1"]
[TimeControl "40/5400+30:1800+30"]

{[%evp 8,39,84,53,72,32767,32767,23,38,5,317,322,341,194,195,196,205,190,362,218,225,197,196,193,180,189,185,207,32767,402,424,462,431,310]} 1. e4 e5 2. Nf3 d6 3. d4 Qe7 4. Nc3 c6 {LiveBook: 113 Games} 5. Be3 {C41: Philidor Defence} (5. a4 Nf6 6. Be2 h6 7. h3 Qc7 8. Be3 Be7 9. O-O O-O 10. Re1 Re8 11. Bc4 Nbd7 12. Ba2 Nf8 13. Qd2 Be6 14. d5 Bd7 15. Rad1 c5 16. Nxe5 dxe5 17. d6 Bxd6 18. Qxd6 Qxd6 19. Rxd6 Be6 20. Bxc5 Bxa2 21. Nxa2 {0-1 (72) Sanal,V (2551)-Fedoseev,V (2718) Riadh 2017}) 5... h6 6. Qd2 Nf6 7. dxe5 $146 ({Predecessor:} 7. O-O-O Nbd7 8. h3 g6 9. Kb1 Bg7 10. g4 h5 11. dxe5 dxe5 12. g5 Nh7 {½-½ (23) Mallahi,A (2300)-Kanan Azer,N (2200) Iran 1997}) 7... dxe5 8. O-O-O Qc7 $2 {[#]} (8... Nbd7 $11) 9. Nxe5 $1 Bb4 10. f3 (10. Bf4 $142 Bxc3 11. Qxc3) 10... O-O 11. Nd3 a5 12. g4 Bxg4 (12... b5 {is a better defense.} 13. h4 Nfd7) 13. fxg4 Nxe4 14. Qg2 ({Inferior is} 14. Nxe4 Bxd2+ 15. Rxd2 Na6 $11) 14... Nxc3 15. bxc3 Bxc3 16. Qg3 Qe7 17. Bc5 Qe6 18. Nf4 Qf6 19. Bxf8 Be5 20. Qa3 $18 Qxf4+ 21. Kb1 Na6 22. Bxa6 Rxa6 23. Bc5 b5 24. Rhf1 1-0

[Event "XX Sants Open 2018"]
[Site "Cotxeres de Sants"]
[Date "2018.08.26"]
[Round "10"]
[White "Vadillo, Torre Ismael"]
[Black "Garrido Sanchez, Daniel"]
[Result "1-0"]
[WhiteElo "1567"]
[BlackElo "1560"]
[Annotator "NA"]
[PlyCount "85"]
[EventDate "2018.08.17"]
[EventType "swiss"]
[EventCountry "ESP"]
[SourceTitle "playchess.com"]
[Source "ChessBase"]
[SourceQuality "1"]
[TimeControl "40/5400+30:1800+30"]

1. d4 d5 {[%emt 0:02:09]} 2. c4 {[%emt 0:00:00]} e6 {[%emt 0:00:06]} 3. Nc3 {[%emt 0:00:00]} Nf6 {[%emt 0:00:14]} 4. Nf3 {[%emt 0:00:00]} Nbd7 {[%emt 0:00:24]} 5. Bg5 {[%emt 0:00:37]} Be7 {[%emt 0:01:30]} 6. e3 {[%emt 0:00:31]} h6 {[%emt 0:05:11]} 7. Bh4 {[%emt 0:00:09]} b6 {[%emt 0:16:36]} 8. cxd5 {[%emt 0:25:33]} exd5 {[%emt 0:06:47]} 9. Bb5 {[%emt 0:02:43]} Bb7 {[%emt 0:00:42]} 10. Ne5 {[%emt 0:02:14]} O-O {[%emt 0:01:03]} 11. Bc6 {[%emt 0:05:36]} Rb8 {[%emt 0:15:28]} 12. Bxb7 {[%emt 0:00:14]} Rxb7 {[%emt 0:00:41]} 13. Nc6 {[%emt 0:00:08]} Qe8 {[%emt 0:00:48]} 14. Nxe7+ {[%emt 0:00:07]} Qxe7 {[%emt 0:00:16]} 15. Nxd5 {[%emt 0:00:13]} Qe4 {[%emt 0:01:36]} 16. Nxf6+ {[%emt 0:01:38]} Nxf6 {[%emt 0:00:42]} 17. Qf3 {[%emt 0:00:25]} Qxf3 {[%emt 0:08:31]} 18. gxf3 {[%emt 0:00:02]} c5 {[%emt 0:03:26]} 19. Bxf6 {[%emt 0:00:31]} gxf6 {[%emt 0:00:14]} 20. d5 {[%emt 0:00:20]} Rd8 {[%emt 0:00:33]} 21. e4 {[%emt 0:01:04]} f5 {[%emt 0:00:26]} 22. Ke2 {[%emt 0:04:37]} Kg7 {[%emt 0:03:22]} 23. Rhg1+ {[%emt 0:01:14]} Kf6 {[%emt 0:00:01]} 24. Ke3 {[%emt 0:01:06]} Re7 {[%emt 0:00:26]} 25. Rad1 {[%emt 0:00:55]} fxe4 {[%emt 0:00:21]} 26. fxe4 {[%emt 0:00:25]} Rde8 {[%emt 0:01:31]} 27. f3 {[%emt 0:04:50]} Re5 {[%emt 0:02:20]} 28. h4 {[%emt 0:08:07]} Rc8 {[%emt 0:05:13]} 29. f4 {[%emt 0:12:29]} Ree8 {[%emt 0:02:35]} 30. d6 {[%emt 0:01:35]} Red8 {[%emt 0:02:40]} 31. e5+ {[%emt 0:03:37]} Ke6 {[%emt 0:00:11]} 32. Ke4 {[%emt 0:01:30]} c4 {[%emt 0:00:34]} 33. f5+ {[%emt 0:01:34]} Kd7 {[%emt 0:02:10]} 34. Rg7 {[%emt 0:00:13]} Ke8 {[%emt 0:06:02]} 35. e6 {[%emt 0:01:25]} fxe6 {[%emt 0:03:18]} 36. fxe6 {[%emt 0:03:45]} Kf8 {[%emt 0:00:01]} 37. Rf7+ {[%emt 0:01:50]} Kg8 {[%emt 0:00:25]} 38. d7 {[%emt 0:01:15]} Rb8 {[%emt 0:01:04]} 39. Ke5 {[%emt 0:02:28]} Rb7 {[%emt 0:02:22]} 40. Kf6 {[%emt 0:00:00]} Rc7 {[%emt 0:00:00]} 41. Ke7 {[%emt 0:02:28]} Rb8 {[%emt 0:03:56]} 42. Rg1+ {[%emt 0:00:39]} Kh8 {[%emt 0:02:39]} 43. Rf8+ {[%emt 0:01:19]} 1-0